000 00581nam a2200193Ia 4500
003 GCL
008 140319s9999 xx 000 0 ara d
040 _aGCL /
_cGCL
082 0 4 _a953.022
_bر ر
100 1 _aرجب محمد عبد الحليم
245 1 0 _aالردة فى ضوء مفهوم جديد /
_cرجب محمد عبد الحليم
260 _a[S.N] :
_bدار النهضة العربية ،
_c1985
300 _a142
490 _a
650 0 4 _aالاسلام
650 0 4 _aالتاريخ الاسلامى
650 0 4 _aحروب الردة
942 _2ddc
_cBK
999 _c31409
_d31409